Climate wars: the fight for survival as the world overheats (Record no. 37603)

MARC details
000 -LEADER
fixed length control field 00696nam a2200181 a 4500
008 - FIXED-LENGTH DATA ELEMENTS--GENERAL INFORMATION
fixed length control field 190507s2010 ||||||||||||||||| || u
020 ## - INTERNATIONAL STANDARD BOOK NUMBER
International Standard Book Number 9781851687428
050 ## - LIBRARY OF CONGRESS CALL NUMBER
Classification number QC 981.8.C5 Dye
100 ## - MAIN ENTRY--PERSONAL NAME
Personal name Dyer, Gwynne
245 10 - TITLE STATEMENT
Title Climate wars: the fight for survival as the world overheats
Statement of responsibility, etc. By Gwynne Dyer
260 ## - PUBLICATION, DISTRIBUTION, ETC.
Place of publication, distribution, etc. Oxford
Name of publisher, distributor, etc. Oneworld Publications
Date of publication, distribution, etc. 2010
300 ## - PHYSICAL DESCRIPTION
Extent xv, 296 pages
350 ## - PRICE (NR) (BK AM CF MU VM SE) [OBSOLETE]
Price 28.93
650 ## - SUBJECT ADDED ENTRY--TOPICAL TERM
Topical term or geographic name entry element CLIMATIC CHANGES--REGIONAL DISPARITIES
650 #0 - SUBJECT ADDED ENTRY--TOPICAL TERM
Topical term or geographic name entry element GLOBAL WARMING
650 ## - SUBJECT ADDED ENTRY--TOPICAL TERM
Topical term or geographic name entry element GREENHOUSE GAS MITIGATION
995 ## - RECOMMENDATION 995 [LOCAL, UNIMARC FRANCE]
-- CBU-MAIN LIBRARY (Kitwe)
-- 28.93
-- 1
-- AVAILABLE
-- May 16, 2019
-- Main Library Open Access Collection
Holdings
Withdrawn status Lost status Source of classification or shelving scheme Damaged status Not for loan Home library Current library Shelving location Date acquired Total Checkouts Full call number Barcode Date last seen Price effective from Koha item type
          CBU-MAIN LIBRARY, KITWE. CBU-MAIN LIBRARY, KITWE.   11/30/2022   QC 981.8.C5 Dye 749062 11/30/2022 11/30/2022 MONOGRAPH